Normal view MARC view

Entry Personal Name

Number of records used in: 1

001 - CONTROL NUMBER

  • control field: 107511

003 - CONTROL NUMBER IDENTIFIER

  • control field: OSt

005 - DATE AND TIME OF LATEST TRANSACTION

  • control field: 20230518090748.0

008 - FIXED-LENGTH DATA ELEMENTS

  • fixed length control field: 230518|| aca||aabn | a|a d

040 ## - CATALOGING SOURCE

  • Original cataloging agency: OSt
  • Transcribing agency: OSt

100 ## - HEADING--PERSONAL NAME

  • Personal name: MEHROTRA (H C);AGARWAL (V P)

670 ## - SOURCE DATA FOUND

  • Source citation: Work cat.: (OSt)167674: MEHROTRA (H C);AGARWAL (V P), Indirect taxes: central excise duty customs act 1962 central sales tax act 1956 service tax value added tax(VAT), 2016